000 01261cam a2200301 a 4500
001 4815113
003 ARRUPE
005 20160413114708.0
008 890426s1988 ph a b 000 0 eng
010 _a 88948732
040 _aDLC
_cDLC
_dDLC
043 _aa-ph---
_an-us---
050 0 0 _aUA26.P6
082 0 0 _a355.7/0973
_220
110 _aNational Ecumenical Forum For Church Response
_923753
245 0 0 _aToppling the idols and breaking the deadly connection :
_bUS bases in the Philippines.
_cby National Ecumenical Forum For Church Response
260 _aQuezon City, Metro Manila, Philippines :
_bNational Ecumenical Forum for Church Response,
_c1988
300 _a33 p.;
_bill. ;
_c21 cm.
500 _aCover title.
504 _aIncludes bibliographical references (p. 32).
650 0 _aMilitary bases, American
_zPhilippines.
_923754
651 0 _aUnited States
_xMilitary relations
_zPhilippines.
_923755
651 0 _aPhilippines
_xMilitary relations
_zUnited States.
_923756
710 2 _aNational Ecumenical Forum for Church Response (U.S.)
_923757
906 _a7
_bcbc
_corignew
_d3
_encip
_f19
_gy-gencatlg
942 _2lcc
_cMONOGRAPH
999 _c124602
_d124602